000 00505cam a22001691 4500
001 000018332
005 20200929165447.0
008 730410s1948 nyu b 000 0 eng
040 _aDO-SdBNP
_bspa
_cBNPHU
100 1 _aCarnegie, Dale,
_d1888-1955.
_98142
245 1 0 _aHow to stop worrying and start living.
260 _aNew York, :
_bSimon and Schuster,
_c1948.
300 _axv, 306 p. ;
_c22 cm.
504 _aIncluye bibliografía.
650 0 _aPreocupación
_939710
650 0 _aVivir mejor
_939711
999 _c17853
_d17853